000 02408cam a2200613 4500
008 030924n2003 000 0 eng u
020 _a1843112485
035 _a(Sirsi) u123710
041 _aeng
050 _a692.8
_c21
245 _aPartnering and collaborative working
_blaw and industry practice
260 _aLondon
_bLLP
_c2003
300 _axxxiii, 262p.
_c24cm.
350 _a90
490 _aLLP Practical Construction Guides
505 _aThe story so far: the history of partnering; the management challenges of partnering
505 _aThe role of technology
505 _aThe future: the next step for partnering; the next step for the construction industry
505 _aCase studies: Kent Property Services; Ministry of Defence and Bucknall Prime Solutions; Taylor Woodrow Strategic Alliance Partnership; the Durham Schools Partnering Projects; Scottish Water
505 _aThe role of lawyers
505 _aProcurement and competition issues
505 _aContracting for good faith
505 _aTime, cost and quality
505 _aIntellectual property rights
505 _aInsurance in a changing industry
505 _aResolution of disputes
520 _aThis book addresses key industry and legal issues concerning partnering and collaborative working from a practical viewpoint, explaining how these issues are dealt with in the existing partnering standard form contracts. It also provides an industry and historic perspective on experience to date. Tables of cases, legislation, standard forms and industry reports.
650 _aCOLLABORATION
650 _aPARTNERING
650 _aBUILT ENVIRONMENT-BUILDING CONTRACT FORMS
650 _aCONSTRUCTION INDUSTRY
650 _aCONSTRUCTION PROCUREMENT
690 _aProcurement
_96260
700 _aJones, David
_xEditor
700 _aSavage, David
_xEditor
700 _aWestgate, Rona
_xEditor
700 _aHosie, Jonathan
700 _aGraham, Katie
700 _aMilner, Marina
700 _aCooke, Richard
700 _aWilkinson, Paul
700 _aCrane, Alan
700 _aButler, Mike
700 _aGrayson, Linda
700 _aHarvey, Diana
700 _aRamsden, Corin
700 _aHeenan, Brona
700 _aCorcoran, Tara
700 _aWard, Don
700 _aSaxon, Richard
700 _aBrown, Tony
700 _aBrien, Charles
942 _n0
999 _c103099
_d103099